La genética de los recuerdos (Record no. 4779)

MARC details
000 -CABECERA
campo de control de longitud fija 02596nam a2200229 i 4500
001 - NÚMERO DE CONTROL
campo de control Rebiun37478658
008 - DATOS DE LONGITUD FIJA--INFORMACIÓN GENERAL
campo de control de longitud fija 250131s2025 sp ao gr 001 0 spa d
017 ## - NÚMERO DE COPYRIGHT O DE DEPÓSITO LEGAL
Número de copyright o de depósito legal DL : M-25895-2024
020 ## - NÚMERO INTERNACIONAL ESTÁNDAR DEL LIBRO
Número Internacional Estándar del Libro 9788419414540
040 ## - FUENTE DE LA CATALOGACIÓN
Centro catalogador/agencia de origen UVA
Centro/agencia transcriptor tbs
Lengua de catalogación ENG
041 ## - CÓDIGO DE LENGUA
Código de lengua del texto/banda sonora o título independiente Spanish
100 ## - ENTRADA PRINCIPAL--NOMBRE DE PERSONA
Nombre de persona Levi, Andrea
9 (RLIN) 25540
245 13 - MENCIÓN DE TÍTULO
Título La genética de los recuerdos
Resto del título : Cómo la vida se convierte en memoria
Mención de responsabilidad, etc. / Andrea Levi ; [Traducción y edición de Antonio Cuesta]
260 ## - PUBLICACIÓN, DISTRIBUCIÓN, ETC.
Lugar de publicación, distribución, etc. Córdoba :
Nombre del editor, distribuidor, etc. Guadalmazán,
Fecha de publicación, distribución, etc. 2025
300 ## - DESCRIPCIÓN FÍSICA
Extensión 186 pages:
Dimensiones 24 cm
490 ## - MENCIÓN DE SERIE
Mención de serie Colección Divulgación científica
520 ## - SUMARIO, ETC.
Sumario, etc. ¿Qué son los recuerdos? ¿Para qué sirven? ¿Cómo se construyen y logran persistir mientras la materia que los sustenta cambia sin cesar? Los recuerdos son las huellas que la vida deja al pasar, trazos fugaces que convierten el ayer en algo tangible. Este libro parte de esta idea esencial para adentrarse en los fragmentos de la memoria, explorando cómo el pasado se reencarna en el presente. Andrea Levi desvela el misterioso nexo entre lo más etéreo de nuestro ser --la memoria-- y lo más diminuto --nuestras células--. A través de la neurobiología, el libro revela la vida secreta de los recuerdos, tejidos por neuronas que dialogan, conservan, transforman e incluso transmiten memorias. Desde el fascinante caso del paciente h. m. hasta los versos de Orlando furioso, desde la epigenética hasta la poesía de un charco saltado en la infancia, ciencia y vida cotidiana se entrelazan para iluminar el arte de recordar... y olvidar
520 ## - SUMARIO, ETC.
Sumario, etc. What are memories? What purpose do they serve? How are they formed and how do they endure, even as the matter that sustains them is in constant flux? Memories are the traces life leaves behind—fleeting impressions that make the past something we can hold onto.<br/><br/>This book begins with that essential idea, delving into the fragments of memory and exploring how the past is continually reborn in the present. Andrea Levi unveils the mysterious link between the most intangible part of our being—memory—and the tiniest of elements—our cells.<br/><br/>Drawing on neurobiology, the book reveals the secret life of memories: woven by neurons that speak to one another, preserve, reshape, and even transmit our recollections. From the fascinating case of patient H.M. to the verses of Orlando Furioso, from epigenetics to the poetry of a puddle jumped in childhood, science and everyday life intertwine to shed light on the art of remembering… and forgetting.
650 10 - PUNTO DE ACCESO ADICIONAL DE MATERIA--TÉRMINO DE MATERIA
Término de materia o nombre geográfico como elemento de entrada Memory
9 (RLIN) 9634
650 10 - PUNTO DE ACCESO ADICIONAL DE MATERIA--TÉRMINO DE MATERIA
Término de materia o nombre geográfico como elemento de entrada Neurosciences
9 (RLIN) 11153
942 ## - ELEMENTOS DE ENTRADA AGREGADA (KOHA)
Fuente del sistema de clasificación o colocación Clasificación de Library of Congress
Holdings
Estado de retiro Estado de pérdida Fuente del sistema de clasificación o colocación Estado dañado No para préstamo Biblioteca de origen Biblioteca actual Fecha de adquisición Total de préstamos Signatura topográfica completa Código de barras Fecha visto por última vez Número de copia Precio válido a partir de Tipo de ítem Koha
    Clasificación de Library of Congress     TBS Barcelona TBS Barcelona 19/06/2025   BF378.M45 LEV B05823 19/06/2025 1 19/06/2025 Book

Powered by Koha